[Event "Doha Ramadan op"]
[Site "Doha"]
[Date "2024.03.14"]
[Round "1"]
[White "Tia, John O"]
[Black "Ahmad, Saif"]
[Result "1-0"]
[WhiteElo "1962"]
[BlackElo "1554"]
[PlyCount "43"]
[EventDate "2024.03.14"]
[EventType "swiss"]
[EventRounds "9"]
[EventCountry "QAT"]
[SourceTitle "CB15_2024"]
[SourceDate "2024.04.10"]
[SourceVersion "1"]
[SourceVersionDate "2024.04.10"]
[SourceQuality "1"]

1. d4 d5 2. c4 e6 3. Nf3 Nf6 4. Nc3 Nbd7 5. Bg5 h6 6. Bh4 Be7 7. e3 0-0 8. Bd3 dxc4 9. Bxc4 Nb6 10. Bb3 Nfd5 11. Bxe7 Qxe7 12. 0-0 c5 13. Nxd5 Nxd5 14. dxc5 Qxc5 15. Rc1 Qb4 16. Rc4 Qa5 17. Rd4 b5 18. a3 Bb7 19. Qd3 Rfd8 20. Rd1 Rd6 21. g3 Nf4 22. exf4 1-0